Teambuilding sa rozišiel troma smermi
Teambuildingové podujatia v slovenských hoteloch. Perličky teambuildingu. Budovanie kolektívu prostredníctvom zážitkov. Od vedomostných súťaží po gurmetské zážitky.
Salvato in:
| Autore principale: | |
|---|---|
| Natura: | Capitolo di libro |
| Lingua: | slovacco |
| Soggetti: | |
| Tags: |
Nessun Tag, puoi essere il primo ad aggiungerne!!
|
MARC
| LEADER | 00000naa a2200000 4500 | ||
|---|---|---|---|
| 001 | 0194513 | ||
| 005 | 20231113101922.8 | ||
| 041 | 0 | |a slo | |
| 044 | |a SK | ||
| 245 | 1 | 0 | |a Teambuilding sa rozišiel troma smermi |c Soňa Hudecová-Podhorná |
| 520 | |a Teambuildingové podujatia v slovenských hoteloch. Perličky teambuildingu. Budovanie kolektívu prostredníctvom zážitkov. Od vedomostných súťaží po gurmetské zážitky. | ||
| 610 | 2 | 0 | |a vzťahy pracovné |
| 610 | 2 | 0 | |a tímy pracovné |
| 610 | 2 | 0 | |a kolektív pracovný |
| 610 | 2 | 0 | |a vzťahy medziľudské |
| 610 | 2 | 0 | |a zamestnanci |
| 610 | 2 | 0 | |a firmy |
| 610 | 2 | 0 | |a hotely |
| 610 | 2 | 0 | |a oddych |
| 100 | 1 | |a Hudecová-Podhorná, Soňa | |